<?xml version="1.0" encoding="UTF-8"?>
<collection xmlns="http://www.loc.gov/MARC21/slim">
 <record>
  <leader>01476pam a22002658a 4500</leader>
  <controlfield tag="001">00024828</controlfield>
  <controlfield tag="005">20171026081025.0</controlfield>
  <controlfield tag="008">110724s2002                  ||||||Viesd</controlfield>
  <datafield tag="020" ind1=" " ind2=" ">
   <subfield code="c">17500</subfield>
  </datafield>
  <datafield tag="041" ind1="0" ind2="#">
   <subfield code="a">Vie</subfield>
  </datafield>
  <datafield tag="082" ind1="1" ind2="4">
   <subfield code="a">335.412</subfield>
   <subfield code="b">GI108TR</subfield>
  </datafield>
  <datafield tag="110" ind1="1" ind2="#">
   <subfield code="a">Bộ giáo dục và đào tạo</subfield>
  </datafield>
  <datafield tag="245" ind1="0" ind2="0">
   <subfield code="b">Dùng cho khối nghành không chuyên kinh tế quản trị kinh doanh trong các trường đại học cao đẳng</subfield>
   <subfield code="c">Bộ giáo dục và đào tạo</subfield>
   <subfield code="a">Giáo trình kinh tế chính trị Mác Lênin</subfield>
  </datafield>
  <datafield tag="260" ind1="#" ind2="#">
   <subfield code="a">H</subfield>
   <subfield code="b">Chính trị quốc gia</subfield>
   <subfield code="c">2002</subfield>
  </datafield>
  <datafield tag="300" ind1="#" ind2="#">
   <subfield code="a">323tr.</subfield>
   <subfield code="c">21 cm.</subfield>
  </datafield>
  <datafield tag="653" ind1="#" ind2="#">
   <subfield code="a">Chủ nghĩa tư bản</subfield>
   <subfield code="a">Giáo trình</subfield>
   <subfield code="a">Thời kỳ quá độ</subfield>
  </datafield>
  <datafield tag="653" ind1="#" ind2="#">
   <subfield code="a">kinh tế chính trị Mác-Lênin</subfield>
  </datafield>
  <datafield tag="852" ind1="#" ind2="#">
   <subfield code="b">Kho mượn</subfield>
   <subfield code="j">KGT.0032516</subfield>
  </datafield>
  <datafield tag="852" ind1="#" ind2="#">
   <subfield code="b">Kho đọc</subfield>
   <subfield code="j">KD.0010302</subfield>
  </datafield>
  <datafield tag="852" ind1="#" ind2="#">
   <subfield code="j">KGT.0018193, KGT.0018194, KGT.0018195, KGT.0018196, KGT.0018197, KGT.0018198, KGT.0018199, KGT.0018200, KGT.0018201, KGT.0018202, KGT.0018203, KGT.0018204, KGT.0018205, KGT.0018206, KGT.0018207, KGT.0032516, KGT.0032949</subfield>
   <subfield code="b">Kho giáo trình</subfield>
  </datafield>
  <datafield tag="852" ind1="#" ind2="#">
   <subfield code="j">KGT.0018195</subfield>
   <subfield code="j">KGT.0018196</subfield>
   <subfield code="j">KGT.0018198</subfield>
   <subfield code="j">KGT.0018199</subfield>
   <subfield code="j">KGT.0018201</subfield>
   <subfield code="j">KGT.0018202</subfield>
   <subfield code="j">KGT.0018204</subfield>
   <subfield code="j">KGT.0018205</subfield>
   <subfield code="j">KGT.0018207</subfield>
   <subfield code="j">KGT.0018193</subfield>
   <subfield code="j">KGT.0018194</subfield>
   <subfield code="j">KD.0010302</subfield>
   <subfield code="j">KGT.0032516</subfield>
   <subfield code="j">KGT.0032949</subfield>
   <subfield code="j">KGT.0018197</subfield>
   <subfield code="j">KGT.0018200</subfield>
   <subfield code="j">KGT.0018203</subfield>
   <subfield code="j">KGT.0018206</subfield>
  </datafield>
  <datafield tag="910" ind1=" " ind2=" ">
   <subfield code="d">24/07/2011</subfield>
  </datafield>
  <datafield tag="980" ind1="#" ind2="#">
   <subfield code="a">Trung tâm Học liệu Lê Vũ Hùng, Trường Đại học Đồng Tháp</subfield>
  </datafield>
 </record>
</collection>
